[Event "Torino op 53rd"]
[Site "Torino"]
[Date "2024.01.05"]
[Round "6"]
[White "Bettalli, Francesco"]
[Black "Bifulco, Michel"]
[Result "1/2-1/2"]
[WhiteElo "2271"]
[BlackElo "2251"]
[PlyCount "40"]
[EventDate "2024.01.02"]
[EventType "swiss"]
[EventRounds "9"]
[EventCountry "ITA"]
[SourceTitle "CB02_2024"]
[SourceDate "2024.01.10"]
[SourceVersion "1"]
[SourceVersionDate "2024.01.10"]
[SourceQuality "1"]

1. e4 c5 2. Nf3 Nc6 3. d4 cxd4 4. Nxd4 Nf6 5. Nc3 e5 6. Ndb5 d6 7. Bg5 a6 8. Na3 b5 9. Bxf6 gxf6 10. Nd5 f5 11. Bd3 Be6 12. c3 Bg7 13. Qh5 0-0 14. exf5 Bxd5 15. f6 e4 16. fxg7 Re8 17. Be2 Re5 18. Qh6 Rg5 19. 0-0 Ne5 20. Rad1 Nd3 1/2-1/2

[Event "Titled Tuesday intern op 22nd Aug Early"]
[Site "Chess.com INT"]
[Date "2023.08.22"]
[Round "1"]
[White "Bifulco, Michel"]
[Black "Maltsevskaya, Aleksandra"]
[Result "0-1"]
[WhiteElo "2288"]
[BlackElo "2386"]
[PlyCount "122"]
[EventDate "2023.08.22"]
[EventType "swiss (blitz)"]
[EventRounds "11"]
[EventCountry "USA"]
[SourceTitle "EXT 2024"]
[Source "ChessBase"]
[SourceDate "2023.10.10"]
[SourceVersion "1"]
[SourceVersionDate "2023.10.10"]
[SourceQuality "1"]

1. d4 Nf6 2. c4 g6 3. Nc3 Bg7 4. e4 d6 5. Nf3 0-0 6. Be2 Nbd7 7. 0-0 e5 8. Bg5 exd4 9. Nxd4 h6 10. Be3 Re8 11. f3 c6 12. Qd2 Kh7 13. Rad1 d5 14. cxd5 cxd5 15. Nxd5 Nxd5 16. exd5 Qe7 17. Nc2 Nb6 18. b3 Bf5 19. d6 Qd8 20. Bb5 Re5 21. Nd4 Qxd6 22. Nxf5 Qxd2 23. Rxd2 Rxf5 24. Bd3 Rd5 25. Be4 Rxd2 26. Bxd2 f5 27. Bxb7 Rb8 28. Bc6 Rc8 29. Rc1 Bb2 30. Rc2 Bd4+ 31. Kf1 Nd5 32. b4 Ne3+ 33. Bxe3 Bxe3 34. b5 Kg7 35. a4 Rd8 36. Ke2 Bb6 37. Rd2 Rc8 38. Rd7+ Kf6 39. Kd3 h5 40. Rd6+ Ke5 41. Rxg6 Rd8+ 42. Kc3 Ba5+ 43. Kc2 Rd2+ 44. Kc1 Rf2 45. Rg7 Kd4 46. Rd7+ Kc3 47. g3 Bb6 48. Rd1 Be3+ 49. Kb1 Rxh2 50. a5 Rb2+ 51. Ka1 Kc2 52. Rd5 Rb4 53. b6 axb6 54. axb6 Rxb6 55. Ba4+ Kc3 56. Rd1 Ra6 57. Kb1 Rxa4 58. Re1 Rb4+ 59. Ka2 Bd2 60. Rd1 Kc2 61. Rf1 Ra4# 0-1

[Event "Titled Tuesday intern op 22nd Aug Early"]
[Site "Chess.com INT"]
[Date "2023.08.22"]
[Round "4"]
[White "Mazurkiewicz, Michal"]
[Black "Bifulco, Michel"]
[Result "1-0"]
[WhiteElo "2145"]
[BlackElo "2288"]
[PlyCount "65"]
[EventDate "2023.08.22"]
[EventType "swiss (blitz)"]
[EventRounds "11"]
[EventCountry "USA"]
[SourceTitle "EXT 2024"]
[Source "ChessBase"]
[SourceDate "2023.10.10"]
[SourceVersion "1"]
[SourceVersionDate "2023.10.10"]
[SourceQuality "1"]

1. e4 e5 2. Nf3 Nc6 3. Bb5 g6 4. 0-0 Bg7 5. c3 a6 6. Ba4 Nge7 7. d4 exd4 8. cxd4 0-0 9. Nc3 b5 10. Bb3 d6 11. Be3 Na5 12. Bc2 Nc4 13. Bc1 c5 14. b3 Na5 15. Bg5 h6 16. Be3 cxd4 17. Nxd4 Nac6 18. Nd5 Bb7 19. Qd2 Kh7 20. Nf4 Rc8 21. Rac1 Ne5 22. Rfd1 Ng4 23. h4 Nxe3 24. Qxe3 Bxd4 25. Qxd4 Nc6 26. Qxd6 Qxh4 27. Nd5 Rcd8 28. Qc7 Ba8 29. Bb1 Kg7 30. Rxc6 Bxc6 31. Qxc6 Rfe8 32. Qc3+ Kf8 33. Qh8# 1-0

[Event "ITA-chT GpB 54th"]
[Site "Bacoli"]
[Date "2023.04.28"]
[Round "5"]
[White "Bifulco, Michel"]
[Black "Boraso, Alessio"]
[Result "1/2-1/2"]
[WhiteElo "2327"]
[BlackElo "2316"]
[PlyCount "113"]
[EventDate "2023.04.25"]
[EventType "team-tourn"]
[EventRounds "7"]
[EventCountry "ITA"]
[SourceTitle "CBM 213 Extra"]
[Source "ChessBase"]
[SourceDate "2023.05.31"]
[SourceVersion "1"]
[SourceVersionDate "2023.05.31"]
[SourceQuality "1"]
[WhiteTeam "Palermitano CPS"]
[BlackTeam "Milan Accademia"]
[WhiteTeamCountry "ITA"]
[BlackTeamCountry "ITA"]

1. e4 c5 2. Nf3 e6 3. Nc3 Nf6 4. e5 Nd5 5. Nxd5 exd5 6. d4 Nc6 7. dxc5 Bxc5 8. Qxd5 Qb6 9. Bc4 Bxf2+ 10. Ke2 0-0 11. Rf1 Bc5 12. Ng5 Nd4+ 13. Kd1 Ne6 14. Ne4 d6 15. exd6 Bxd6 16. Bd3 Be7 17. Qf5 Ng5 18. Qf4 Nxe4 19. Qxe4 g6 20. Qxe7 Bg4+ 21. Kd2 Rad8 22. h3 Rd7 23. Qe5 f6 24. Qg3 Bh5 25. a3 Rc8 26. Re1 Qc6 27. c3 Rcd8 28. Re3 g5 29. Ke1 Rxd3 30. Rxd3 Qe4+ 31. Qe3 Qxd3 32. Qxd3 Rxd3 33. Bd2 Kf7 34. Rc1 Ke6 35. c4 f5 36. Rc3 Rxc3 37. Bxc3 f4 38. Bd4 a6 39. Kf2 Kf5 40. Bg7 Bf7 41. c5 h5 42. Bf8 Bd5 43. Be7 Bc4 44. h4 g4 45. g3 fxg3+ 46. Kxg3 Ke4 47. Bf8 Kd4 48. Be7 Bb5 49. Bf8 a5 50. Be7 Kd5 51. Bf8 Kc4 52. Be7 Kb3 53. Bf6 a4 54. Bg7 Kc4 55. Bf8 Kb3 56. Bg7 Kc4 57. Bf8 1/2-1/2

[Event "Nova Gorica op 27th"]
[Site "Nova Gorica"]
[Date "2023.03.20"]
[Round "6"]
[White "Brunello, Sabino"]
[Black "Bifulco, Michel"]
[Result "1-0"]
[WhiteElo "2512"]
[BlackElo "2312"]
[PlyCount "65"]
[EventDate "2023.03.16"]
[EventType "swiss"]
[EventRounds "9"]
[EventCountry "SLO"]
[SourceTitle "CBM 213 Extra"]
[Source "ChessBase"]
[SourceDate "2023.05.31"]
[SourceVersion "1"]
[SourceVersionDate "2023.05.31"]
[SourceQuality "1"]

1. e4 c5 2. Nf3 Nc6 3. d4 cxd4 4. Nxd4 Nf6 5. Nc3 d6 6. Bg5 e6 7. Qd2 a6 8. Nxc6 bxc6 9. 0-0-0 Be7 10. Bxf6 gxf6 11. Bc4 Qa5 12. Rhe1 Bd7 13. Kb1 Qb4 14. Bb3 c5 15. a3 Qa5 16. f4 Rb8 17. Ka1 Qb6 18. Rb1 Bb5 19. Ba2 0-0 20. f5 Bd7 21. Ne2 Rfc8 22. Nf4 c4 23. Re3 Kf8 24. Rh3 Ke8 25. c3 exf5 26. Rxh7 Be6 27. Nxe6 fxe6 28. exf5 d5 29. fxe6 Qd6 30. Rh8+ Bf8 31. Rf1 Qe7 32. Qxd5 Rxb2 33. Qd7+ 1-0

[Event "Isola del Sole op"]
[Site "Grado"]
[Date "2022.09.30"]
[Round "8"]
[White "Pap, Gyula"]
[Black "Bifulco, Michel"]
[Result "1/2-1/2"]
[WhiteElo "2420"]
[BlackElo "2316"]
[PlyCount "70"]
[EventDate "2022.09.24"]
[EventType "swiss"]
[EventRounds "9"]
[EventCountry "ITA"]
[SourceTitle "CBM 210 Extra"]
[Source "ChessBase"]
[SourceDate "2022.11.30"]
[SourceVersion "1"]
[SourceVersionDate "2022.11.30"]
[SourceQuality "1"]

1. g3 d5 2. Nf3 g6 3. c4 dxc4 4. Qa4+ Nc6 5. Qxc4 Bg7 6. Bg2 e5 7. Ng5 Nh6 8. Bxc6+ bxc6 9. d3 0-0 10. h4 Nf5 11. h5 Qd5 12. Qxd5 cxd5 13. hxg6 hxg6 14. Nc3 Rd8 15. Bd2 f6 16. Nf3 Be6 17. Rc1 c5 18. b3 Rac8 19. Nb5 Rd7 20. Ba5 Rb7 21. Nc3 c4 22. dxc4 dxc4 23. b4 Bf8 24. Ne4 Kg7 25. g4 Nd4 26. g5 Nxf3+ 27. exf3 fxg5 28. Nxg5 Bg8 29. a3 c3 30. Rc2 Be7 31. Ne4 Rd7 32. 0-0 Rd3 33. Rfc1 Rxf3 34. Rxc3 Rfxc3 35. Rxc3 Rxc3 1/2-1/2

[Event "Titled Tuesday intern op 13th Sep Early"]
[Site "Chess.com INT"]
[Date "2022.09.13"]
[Round "7"]
[White "Bifulco, Michel"]
[Black "Janaszak, Dawid"]
[Result "1-0"]
[WhiteElo "2316"]
[BlackElo "2331"]
[PlyCount "99"]
[EventDate "2022.09.13"]
[EventType "swiss (blitz)"]
[EventRounds "11"]
[EventCountry "USA"]
[SourceTitle "EXT 2023"]
[Source "ChessBase"]
[SourceDate "2022.10.05"]
[SourceVersion "1"]
[SourceVersionDate "2022.10.05"]
[SourceQuality "1"]

1. d4 e6 2. c4 f5 3. Nc3 Nf6 4. Qc2 Bb4 5. Nf3 0-0 6. e3 b6 7. Bd3 Bb7 8. 0-0 Qe8 9. a3 Bxc3 10. Qxc3 Ne4 11. Qc2 d6 12. b4 Nd7 13. Bb2 Rf6 14. Nd2 Nxd2 15. Qxd2 Qh5 16. f3 Rh6 17. h3 Qg5 18. Kh1 Rf8 19. Qe2 e5 20. d5 Nf6 21. f4 Qh4 22. Qf2 Ng4 23. Qxh4 Rxh4 24. Rae1 e4 25. Bc2 Bc8 26. Kg1 Nf6 27. Rc1 Bd7 28. Bb3 a5 29. Bd4 Rh6 30. c5 Bb5 31. Rfd1 axb4 32. axb4 bxc5 33. bxc5 Bd3 34. cxd6 cxd6 35. Rc6 Ne8 36. Ra1 g5 37. fxg5 Rg6 38. Ra8 Rxg5 39. Rcc8 f4 40. exf4 Rgf5 41. Rxe8 Rxf4 42. Rxf8+ Rxf8 43. Rxf8+ Kxf8 44. Kf2 Ke7 45. g3 h5 46. Ke3 Bf1 47. h4 Bg2 48. Bc2 Bh3 49. Bxe4 Bg4 50. Kf4 1-0

[Event "Titled Tuesday intern op 13th Sep Early"]
[Site "Chess.com INT"]
[Date "2022.09.13"]
[Round "9"]
[White "Filgueira, Hernan"]
[Black "Bifulco, Michel"]
[Result "1-0"]
[WhiteElo "2283"]
[BlackElo "2316"]
[PlyCount "79"]
[EventDate "2022.09.13"]
[EventType "swiss (blitz)"]
[EventRounds "11"]
[EventCountry "USA"]
[SourceTitle "EXT 2023"]
[Source "ChessBase"]
[SourceDate "2022.10.05"]
[SourceVersion "1"]
[SourceVersionDate "2022.10.05"]
[SourceQuality "1"]

1. e4 e5 2. Nf3 Nc6 3. Bc4 Nf6 4. d3 h6 5. a3 d6 6. Nc3 g5 7. h4 g4 8. Nh2 Bg7 9. Nf1 Be6 10. Ng3 Qd7 11. b4 Nd4 12. Bxe6 fxe6 13. Nce2 0-0-0 14. c3 Nxe2 15. Qxe2 d5 16. Be3 Kb8 17. 0-0 Qf7 18. Rad1 Qg6 19. a4 Nh5 20. Nxh5 Qxh5 21. g3 Bf6 22. Kg2 Rdf8 23. a5 Bg5 24. Bc5 Rf3 25. Rh1 Bd8 26. b5 Rh7 27. Rde1 Rhf7 28. b6 cxb6 29. axb6 Bxb6 30. Bxb6 axb6 31. Rhf1 Qg6 32. exd5 R7f5 33. d6 Qf7 34. Rb1 Qd7 35. Rxb6 Qc8 36. c4 Qc5 37. Qb2 Qc8 38. c5 Rxd3 39. c6 Qd8 40. Rxb7+ 1-0

[Event "Titled Tuesday intern op 13th Sep Early"]
[Site "Chess.com INT"]
[Date "2022.09.13"]
[Round "3"]
[White "Lebedev, Artem S"]
[Black "Bifulco, Michel"]
[Result "0-1"]
[WhiteElo "1932"]
[BlackElo "2316"]
[PlyCount "60"]
[EventDate "2022.09.13"]
[EventType "swiss (blitz)"]
[EventRounds "11"]
[EventCountry "USA"]
[SourceTitle "EXT 2023"]
[Source "ChessBase"]
[SourceDate "2022.10.05"]
[SourceVersion "1"]
[SourceVersionDate "2022.10.05"]
[SourceQuality "1"]

1. e4 e5 2. Nf3 Nc6 3. Bb5 g6 4. 0-0 Bg7 5. c3 Nge7 6. d4 exd4 7. cxd4 a6 8. Ba4 0-0 9. Bf4 b5 10. Bc2 d6 11. Nc3 Bg4 12. d5 Nd4 13. Bd3 f5 14. Nxd4 Bxd1 15. Ne6 Qd7 16. Nxf8 Rxf8 17. Bg5 Bg4 18. f3 fxe4 19. Nxe4 Bf5 20. Rae1 Nxd5 21. Bc2 h6 22. Bd2 Kh7 23. g4 Bxe4 24. Bxe4 Nf4 25. h4 h5 26. Bxf4 Rxf4 27. gxh5 Qh3 28. Bxg6+ Kh6 29. Rf2 Bd4 30. Ree2 Rxh4 0-1

[Event "Titled Tuesday intern op 30th Aug Early"]
[Site "Chess.com INT"]
[Date "2022.08.30"]
[Round "5"]
[White "Bifulco, Michel"]
[Black "Itgelt, Khuyagtsogt"]
[Result "0-1"]
[WhiteElo "2339"]
[BlackElo "2184"]
[PlyCount "64"]
[EventDate "2022.08.30"]
[EventType "swiss (blitz)"]
[EventRounds "11"]
[EventCountry "USA"]
[SourceTitle "EXT 2023"]
[Source "ChessBase"]
[SourceDate "2022.10.05"]
[SourceVersion "1"]
[SourceVersionDate "2022.10.05"]
[SourceQuality "1"]

1. d4 Nf6 2. c4 e6 3. Nc3 Bb4 4. e3 d5 5. a3 Be7 6. Nf3 0-0 7. Bd3 b6 8. e4 dxc4 9. Bxc4 Bb7 10. Bd3 h6 11. 0-0 Nbd7 12. Bf4 c5 13. e5 Nd5 14. Nxd5 Bxd5 15. Qe2 cxd4 16. Nxd4 Nc5 17. Rfd1 Qc8 18. Rac1 Qb7 19. Qg4 Kh8 20. Bb1 Rfd8 21. b4 Nb3 22. Rc3 Nxd4 23. Rxd4 Bxg2 24. Bxh6 gxh6 25. Qh5 Bg5 26. Rcd3 Rxd4 27. Rxd4 Bf3 28. Qh3 Rc8 29. Bd3 Rc1+ 30. Bf1 Rd1 31. Rxd1 Bxd1 32. Qd3 Qd5 0-1

[Event "Titled Tuesday intern op 30th Aug Early"]
[Site "Chess.com INT"]
[Date "2022.08.30"]
[Round "3"]
[White "Cramling Bellon, Anna"]
[Black "Bifulco, Michel"]
[Result "0-1"]
[WhiteElo "2065"]
[BlackElo "2339"]
[PlyCount "40"]
[EventDate "2022.08.30"]
[EventType "swiss (blitz)"]
[EventRounds "11"]
[EventCountry "USA"]
[SourceTitle "EXT 2023"]
[Source "ChessBase"]
[SourceDate "2022.10.05"]
[SourceVersion "1"]
[SourceVersionDate "2022.10.05"]
[SourceQuality "1"]

1. d4 Nf6 2. c4 g6 3. Nc3 Bg7 4. e4 d6 5. h3 0-0 6. Nf3 e5 7. d5 a5 8. Bg5 Na6 9. Be2 Nc5 10. Qc2 h6 11. Be3 Nh5 12. g3 f5 13. Nh4 f4 14. Bxc5 dxc5 15. Nxg6 fxg3 16. Nxf8 gxf2+ 17. Kxf2 Qxf8+ 18. Ke1 Nf4 19. Bg4 Qf6 20. Qe2 Nxe2 0-1

[Event "Mirandela op 3rd"]
[Site "Mirandela"]
[Date "2022.08.22"]
[Round "8"]
[White "Bifulco, Michel"]
[Black "Bottazzi, Ulysse"]
[Result "1-0"]
[WhiteElo "2339"]
[BlackElo "2114"]
[PlyCount "117"]
[EventDate "2022.08.17"]
[EventType "swiss"]
[EventRounds "9"]
[EventCountry "POR"]
[SourceTitle "CBM 209 Extra"]
[Source "ChessBase"]
[SourceDate "2022.09.30"]
[SourceVersion "1"]
[SourceVersionDate "2022.09.30"]
[SourceQuality "1"]

1. e4 c5 2. Nc3 Nc6 3. Bb5 Nd4 4. Bc4 e6 5. Nge2 Nf6 6. 0-0 a6 7. Bb3 d6 8. d3 Nxb3 9. axb3 Be7 10. f4 0-0 11. Ng3 Rb8 12. f5 b5 13. Qf3 Bb7 14. Bg5 Kh8 15. Qf4 Nd7 16. Bxe7 Qxe7 17. Nd1 d5 18. Ne3 dxe4 19. Nxe4 f6 20. Qg4 Ne5 21. Qg3 Rbd8 22. Rf4 c4 23. bxc4 bxc4 24. dxc4 Rd4 25. Nf2 Rxf4 26. Qxf4 exf5 27. Nxf5 Qc7 28. Qg3 g6 29. Ne3 Qc5 30. b3 Nf3+ 31. gxf3 Qxe3 32. Kg2 Re8 33. Rd1 Re7 34. Rd3 Qe2 35. Qd6 Kg7 36. c5 Re6 37. Qf4 g5 38. Qf5 Bc6 39. Rd6 Rxd6 40. cxd6 Qe8 41. Ne4 Qd8 42. Qe6 Bd7 43. Qd5 Qe8 44. c4 Kg6 45. Nf2 f5 46. h3 h5 47. c5 Bc6 48. Qd3 Bb5 49. Qd2 Bc6 50. Nd3 g4 51. Qe1 Bxf3+ 52. Kf2 Be4 53. d7 Qb8 54. Ne5+ Qxe5 55. d8Q g3+ 56. Ke2 Bb1+ 57. Kd1 Be4 58. Qd6+ Qxd6+ 59. cxd6 1-0

[Event "Mirandela op 3rd"]
[Site "Mirandela"]
[Date "2022.08.21"]
[Round "7"]
[White "Pandey, Srishti"]
[Black "Bifulco, Michel"]
[Result "1/2-1/2"]
[WhiteElo "2101"]
[BlackElo "2339"]
[PlyCount "165"]
[EventDate "2022.08.17"]
[EventType "swiss"]
[EventRounds "9"]
[EventCountry "POR"]
[SourceTitle "CBM 209 Extra"]
[Source "ChessBase"]
[SourceDate "2022.09.30"]
[SourceVersion "1"]
[SourceVersionDate "2022.09.30"]
[SourceQuality "1"]

1. d4 d5 2. c4 dxc4 3. e3 Nf6 4. Bxc4 a6 5. Nf3 b5 6. Bd3 Bb7 7. a4 b4 8. 0-0 e6 9. Nbd2 c5 10. Nb3 Nbd7 11. Qe2 Bd6 12. dxc5 Nxc5 13. Nxc5 Bxc5 14. e4 h6 15. b3 Qe7 16. Bb2 0-0 17. Rad1 Rfd8 18. Be5 a5 19. Rfe1 Rd7 20. Bb1 Ba6 21. Qb2 Rad8 22. Rxd7 Rxd7 23. h3 Qd8 24. Qc2 Be7 25. Qc6 Bb7 26. Qb5 Ne8 27. Bf4 Kf8 28. Bc2 Nd6 29. Qh5 Rc7 30. Qxa5 Qc8 31. Rd1 Rc5 32. Qxb4 Nxe4 33. Bxe4 Rd5 34. Qe1 Rxd1 35. Qxd1 Bxe4 36. Bd6 Qc2 37. Bxe7+ Kxe7 38. Qxc2 Bxc2 39. Nd4 Bd3 40. f4 Kd6 41. Kf2 Kc5 42. Nf3 Kb4 43. Ke3 Bf1 44. Kf2 Ba6 45. Nd2 Kc3 46. Ke3 f6 47. g3 e5 48. fxe5 fxe5 49. h4 g5 50. hxg5 hxg5 51. Ne4+ Kb4 52. Kd2 Bb7 53. Kd3 Bc8 54. Nd2 Bf5+ 55. Ke3 Bc8 56. Ke4 Kc3 57. Ke3 Kb4 58. Ke2 Kc3 59. Ke3 Kb4 60. Kd3 Bf5+ 61. Ke2 Bc8 62. Kf3 Kc3 63. Ke2 Kb4 64. Ne4 Kxb3 65. Nxg5 Kxa4 66. Ke3 Kb4 67. Ke4 Kc3 68. Nf7 Kd2 69. Nxe5 Ke2 70. Kf4 Kf2 71. Nf3 Kg2 72. Ne5 Kf2 73. Ng4+ Kg2 74. Nf6 Kf2 75. Ng8 Kg2 76. Nh6 Kf2 77. Ng4+ Kg2 78. Ne3+ Kf2 79. Nc4 Kg2 80. Nd6 Bd7 81. Ne4 Bc8 82. g4 Bxg4 83. Kxg4 1/2-1/2

[Event "Mirandela op 3rd"]
[Site "Mirandela"]
[Date "2022.08.19"]
[Round "4"]
[White "Villa Tornero, Alex"]
[Black "Bifulco, Michel"]
[Result "0-1"]
[WhiteElo "2119"]
[BlackElo "2339"]
[PlyCount "88"]
[EventDate "2022.08.17"]
[EventType "swiss"]
[EventRounds "9"]
[EventCountry "POR"]
[SourceTitle "CBM 209 Extra"]
[Source "ChessBase"]
[SourceDate "2022.09.30"]
[SourceVersion "1"]
[SourceVersionDate "2022.09.30"]
[SourceQuality "1"]

1. e4 c5 2. Nf3 Nc6 3. d4 cxd4 4. Nxd4 Nf6 5. Nc3 d6 6. f3 e5 7. Nb3 Be7 8. Be3 0-0 9. Qd2 Be6 10. Rd1 a5 11. Bb5 Ne8 12. 0-0 f5 13. Nd5 a4 14. Bb6 Qb8 15. Na5 Bd8 16. Nc4 Kh8 17. f4 Nf6 18. Bxd8 Nxe4 19. Qe3 Rxd8 20. Ndb6 Ra7 21. fxe5 Nxe5 22. Nxe5 dxe5 23. Rxd8+ Qxd8 24. Nc4 Ra8 25. g4 g6 26. Nxe5 Qd5 27. Nxg6+ hxg6 28. Qh6+ Kg8 29. Qxg6+ Kf8 30. Bd3 Ke7 31. Rf4 Rg8 32. Qh7+ Kd6 33. Bxe4 fxe4 34. Qxe4 Qxe4 35. Rxe4 Rxg4+ 36. Rxg4 Bxg4 37. Kf2 Bf5 38. c3 Be6 39. a3 Kd5 40. Ke3 Kc4 41. Kd2 Kb3 42. Kc1 Ka2 43. c4 Bf5 44. h3 Bh7 0-1

[Event "Titled Tuesday intern op 24th May Early"]
[Site "Chess.com INT"]
[Date "2022.05.24"]
[Round "9"]
[White "Bifulco, Michel"]
[Black "Przybylski, Wojciech"]
[Result "1-0"]
[WhiteElo "2339"]
[BlackElo "2321"]
[PlyCount "89"]
[EventDate "2022.05.24"]
[EventType "swiss (blitz)"]
[EventRounds "11"]
[EventCountry "USA"]
[SourceTitle "EXT 2023"]
[Source "ChessBase"]
[SourceDate "2022.10.05"]
[SourceVersion "1"]
[SourceVersionDate "2022.10.05"]
[SourceQuality "1"]

1. d4 Nf6 2. Nc3 d5 3. Bf4 Bf5 4. f3 e6 5. g4 Bg6 6. h4 h5 7. g5 Nfd7 8. e3 Bd6 9. Nh3 Bb4 10. Bg3 Bxc3+ 11. bxc3 Nb6 12. Nf4 Nc6 13. Bd3 Bxd3 14. cxd3 Ne7 15. e4 Rc8 16. a4 c5 17. a5 Nd7 18. 0-0 cxd4 19. cxd4 Ng6 20. Nxg6 fxg6 21. exd5 exd5 22. Re1+ Kf7 23. Qb3 Nb8 24. Qxb7+ Qd7 25. Rab1 Rhe8 26. Rxe8 Rxe8 27. Bxb8 Re1+ 28. Kf2 Re7 29. Qxd7 Rxd7 30. Bd6 Rxd6 31. Rb7+ Ke6 32. Rxa7 Rc6 33. Rxg7 Rc2+ 34. Ke3 Ra2 35. Rxg6+ Kf7 36. Rf6+ Kg7 37. a6 Ra4 38. Rd6 Kf7 39. f4 Kg7 40. f5 Kf7 41. Rb6 Kg7 42. Rb7+ Kf8 43. a7 Kg8 44. Rb8+ Kh7 45. a8Q 1-0